000 01275cam a22003737a 4500
001 000034755
003 CHAP
005 20220329135258.0
008 971013s1967 r 00010 d
010 _a33701
011 _a34673
035 _a38789
040 _cCHAP
090 _aFolleto 14694
100 0 0 _aCurtis Patiño, Jorge Francisco.
_930722
245 0 _aResumen de los principales tipos de célula en las plantas vasculares.
260 _aChapingo, Méx. :
_bENA,
_c1967.
300 _a10 p. :
_b: ilus.
590 _aBATCH-UPD
_b10
_c20130110
_lUCH01
_h1848
590 _aBATCH-UPD
_b10
_c20130410
_lUCH01
_h1217
590 _aBATCH-UPD
_b10
_c20130914
_lUCH01
_h0942
590 _aCONVERSION
_b10
_c20130109
_lUCH01
_h1319
590 _aE5765TAJ
_b05
_c20150212
_lUCH01
_h1317
650 1 4 _aCitología.
_923489
650 1 4 _aTracheophyta.
_9114572
901 _aBK
942 _cFOLL
942 _n0
949 _aFolleto 14694
_bBC
_cFOLL
_d33724000473237
_eTS2
_fc.2
_i38789
_sb
949 _aFolleto 14694
_bBC
_cFOLL
_d33724000473252
_eTS2
_fc.3
_i38789
_sb
949 _aFolleto 14694
_bBC
_cFOLL
_d33724000661880
_eTS1
_i38789
_si
949 _aFolleto 14694
_bBC
_cUACH
_d-146571
_eUACH
_fc.4
_i38789
_sb
949 _aFolleto 14694
_bBC
_cUACH
_d3878912
_eUACH
_fc.5
_i38789
_sb
999 _c33701
_d33701